Conferencia a cargo del... Sr. D. Faustino Prieto y Pazos para desarrollar el tema `El Canal de Isabel II: lo que ha sido, es y debe llegar a ser`. (Record no. 122362)

MARC details
000 -LEADER
campo de control de longitud fija 00794nam a2200217 i 4500
001 - NÚMERO DE CONTROL
campo de control 122362
003 - IDENTIFICADOR DE NÚMERO DE CONTROL
campo de control ES-MaACL
005 - FECHA Y HORA DE LA ÚLTIMA TRANSACCIÓN
campo de control 20250904063056.0
007 - CAMPO FIJO DE DESCRIPCIÓN FÍSICA--INFORMACIÓN GENERAL
campo de control de longitud fija t|
008 - DATOS DE LONGITUD FIJA--INFORMACIÓN GENERAL
campo de control de longitud fija 070214s1919 sp r ||||1| spa d
100 1# - ENTRADA PRINCIPAL--NOMBRE DE PERSONA
Nombre de persona Prieto Pazos, Faustino,
Fechas asociadas al nombre 1861-
9 (RLIN) 93938
245 10 - MENCIÓN DEL TÍTULO
Título Conferencia a cargo del... Sr. D. Faustino Prieto y Pazos para desarrollar el tema `El Canal de Isabel II: lo que ha sido, es y debe llegar a ser`.
260 ## - PUBLICACIÓN, DISTRIBUCIÓN, ETC.
Lugar de publicación, distribución, etc. Madrid :
Nombre del editor, distribuidor, etc. R. Velasco,
Fecha de publicación, distribución, etc. 1919.
300 ## - DESCRIPCIÓN FÍSICA
Extensión 16 p. ;
Dimensiones 24 cm.
500 ## - NOTA GENERAL
Nota general Precede al tít.: Cámara Oficial de la Propiedad Urbana de Madrid.
610 2# - PUNTO DE ACCESO ADICIONAL DE MATERIA--NOMBRE DE ENTIDAD CORPORATIVA
Nombre de entidad corporativa o nombre de jurisdicción como elemento de entrada Canal de Isabel II.
9 (RLIN) 2422
710 2# - ENTRADA AGREGADA--NOMBRE DE ENTIDAD CORPORATIVA
Nombre de entidad corporativa o nombre de jurisdicción como elemento de entrada Cámara de la Propiedad Urbana de Madrid.
9 (RLIN) 2406
852 ## - LOCALIZACIÓN
Ubicación ES-MaACL
Número de control de estantería 1587-F-17
852 ## - LOCALIZACIÓN
Ubicación ES-MaACL
Número de control de estantería 1597-F-4
Holdings
Estatus retirado Estado de pérdida Estado de daño No para préstamo Colección Biblioteca de origen Biblioteca actual Ubicación en estantería Fecha de adquisición Fuente de adquisición Total de préstamos Signatura topográfica completa Código de barras Visto por última vez Precio de reemplazo Tipo de ítem Koha
        Colección de folletos Biblioteca del Ateneo de Madrid Biblioteca del Ateneo de Madrid Depósito folletos 17/01/2008     1597-F-4 1127507 23/02/2023 23/02/2023 Folleto
        Colección de folletos Biblioteca del Ateneo de Madrid Biblioteca del Ateneo de Madrid Depósito folletos 17/01/2008     1587-F-17 1127506 23/02/2023 23/02/2023 Folleto